Fairy Tail - Quiz (3) - Statistiques

Statistiques générales
  • Ce quiz a été pris 189 fois
  • Le résultat moyen est 10 sur 15
Statistiques - réponses
Question Réponse % Correct
Comment se nomme les guildes ne respectant pas la loi ? Clandestine
99%
Dans le train que fait Erza pour soulager Natsu de son mal des transports ? Elle lui inflige un coup dans le ventre
94%
Quelle est la fonction de l'objet magique "Stylo de Lumière" ? Écrire dans le vide
88%
Qu'est-ce qu'Erza prend toujours avec elle avant chaque mission ? Des bagages
87%
Avec la création de l'équipe Natsu, Grey & Erza, comment Mirajane la qualifie-t-elle ? La plus puissante
86%
Qui attaque Natsu dans le train ? Kageyama
79%
Qu'est-ce que crée Grey avec sa magie de la glace pour faire une démonstration à Lucy ? L'emblème de Fairy Tail
78%
Quelle guilde prévoit d'attaquer le rassemblement des maîtres de guilde ? Eisen Wald
76%
Quel sort la Lullaby provoque lorsqu'elle est utilisée ? Mort
76%
Combien de yeux possède la flûte "Lullaby" ? 3
63%
Qui prévient la guilde qu'Erza est de retour ? Loki
60%
Qu'est-ce qui est marqué sur l'armure d'Erza ? Heart Kreuz
42%
En s'échappant du train contre qui Natsu s'écrase ? Grey
30%
Quelle est la couleur du Titre "Fairy Tail" sur le Tome 3 ? Vert
23%
Quelle est la réaction de Natsu en voyant Erza ? Il imite Happy
12%
Aucun quiz correspondant
Distribution des résultats
% des personnes avec chaque résultat
Percentile par nombre de réponses
Votre historique - résultats
Vous n’avez pas pris ce quiz